00573nam a2200181Ia 450000500170000000800410001708200130005810000190007124500790009026000510016930000130022065000100023365000180024365000120026194200060027395200970027999900150037620241204003032.0240331s9999 xx 000 0 und d bFERa891 aFernando, J. B 0aDeath and rebirth :bpoems-stories-and an interview onculture of Sri Lanka aColombobCentre For Society and Religionc1993 a148 P ., aPomes aShort Stories aCulture cL 001040708LaWERCLbWERCLcSSCd2024-03-31l0o 891.4 FERp3645r2024-03-31w2024-03-31yL c3371d3371